000 00303nam a22001337a 4500
008 171018b xxu||||| |||| 00| 0 eng d
020 _a0835932214
041 _aeng
080 _a338
100 _a53
101 _aMEN
245 _aINTRODUCTION TO LOGISTICS MANAGEMENT
_cGUELZO,C.M
942 _2udc
_cBK
999 _c34754
_d34754